Disorders of hair pigmentation / (رقم التسجيلة. 16934)

تفاصيل مارك
000 -LEADER
fixed length control field 01670nam a2200361 a 4500
003 - CONTROL NUMBER IDENTIFIER
control field EG-GiCUC
005 - DATE AND TIME OF LATEST TRANSACTION
control field 20250223025624.0
008 - FIXED-LENGTH DATA ELEMENTS--GENERAL INFORMATION
fixed length control field 090530s2008 ua dh f m 000 0 eng d
040 ## - CATALOGING SOURCE
Original cataloging agency EG-GiCUC
Language of cataloging eng
Transcribing agency EG-GiCUC
041 0# - LANGUAGE CODE
Language code of text/sound track or separate title eng.
049 ## - LOCAL HOLDINGS (OCLC)
Holding library Deposite
097 ## - Thesis Degree
Thesis Level M.Sc.
099 ## - LOCAL FREE-TEXT CALL NUMBER (OCLC)
Classification number Cai01.11.10.M.Sc.2008.Do.D.
100 0# - MAIN ENTRY--PERSONAL NAME
Personal name Doaa Abobakr Alsadeek Mohamed
245 10 - TITLE STATEMENT
Title Disorders of hair pigmentation /
Statement of responsibility, etc. Doaa Abobakr Alsadeek Mohamed ; Supervised Mohsen M. Soliman , Shahira Abdelrahman Ramadan , Doaa Mohamed Mahgoub
246 15 - VARYING FORM OF TITLE
Title proper/short title اضطرابات تلوين الشعر
260 ## - PUBLICATION, DISTRIBUTION, ETC.
Place of publication, distribution, etc. Cairo :
Name of publisher, distributor, etc. Doaa Abobakr Alsadeek Mohamed ,
Date of publication, distribution, etc. 2008
300 ## - PHYSICAL DESCRIPTION
Extent 108P. :
Other physical details charts , facsimiles ;
Dimensions 25cm.
502 ## - DISSERTATION NOTE
Dissertation note Thesis (M.Sc.) - Cairo University - Faculty of Medicine - Department of Dermatology and Venerology
520 ## - SUMMARY, ETC.
Summary, etc. The most common disorders of pigmentation of the hair are premature graying hair ( canities ) poliosis green hair blue hair and yellow hair decreased hair pigmentation in which dark hair appears lighter may occur in the following condition waardenburg`s syndrome , piebaldism , albinism , hutchinson - gilford progeria type syndromes and werner`s syndrome
530 ## - ADDITIONAL PHYSICAL FORM AVAILABLE NOTE
Additional physical form available note Issued also as CD
653 #4 - INDEX TERM--UNCONTROLLED
Uncontrolled term DP : Dermal papilla
653 #4 - INDEX TERM--UNCONTROLLED
Uncontrolled term MCIR : Melanocortin - 1 receptor
653 #4 - INDEX TERM--UNCONTROLLED
Uncontrolled term OCA : Oculocutaneous albinism
700 0# - ADDED ENTRY--PERSONAL NAME
Personal name Doaa Mohamed Mahgoub ,
Relator term
700 0# - ADDED ENTRY--PERSONAL NAME
Personal name Mohsen Mohamed Soliman ,
Relator term
700 0# - ADDED ENTRY--PERSONAL NAME
Personal name Shahira Abdelrahman Ramadan ,
Relator term
856 ## - ELECTRONIC LOCATION AND ACCESS
Uniform Resource Identifier <a href="http://172.23.153.220/th.pdf">http://172.23.153.220/th.pdf</a>
902 ## - LOCAL DATA ELEMENT B, LDB (RLIN)
No. of Items 1
905 ## - LOCAL DATA ELEMENT E, LDE (RLIN)
Cataloger Enas
Reviser Cataloger
905 ## - LOCAL DATA ELEMENT E, LDE (RLIN)
Cataloger Mustafa
Reviser Revisor
942 ## - ADDED ENTRY ELEMENTS (KOHA)
Source of classification or shelving scheme Dewey Decimal Classification
Koha item type Thesis
المقتنيات
Source of classification or shelving scheme Not for loan Home library Current library Date acquired Full call number Barcode Date last seen Koha item type Copy number
Dewey Decimal Classification   المكتبة المركزبة الجديدة - جامعة القاهرة قاعة الرسائل الجامعية - الدور الاول 11.02.2024 Cai01.11.10.M.Sc.2008.Do.D. 01010110051081000 22.09.2023 Thesis  
Dewey Decimal Classification   المكتبة المركزبة الجديدة - جامعة القاهرة مخـــزن الرســائل الجـــامعية - البدروم 11.02.2024 Cai01.11.10.M.Sc.2008.Do.D. 01020110051081000 22.09.2023 CD - Rom 51081.CD
Cairo University Libraries Portal Implemented & Customized by: Eng. M. Mohamady Contacts: new-lib@cl.cu.edu.eg | cnul@cl.cu.edu.eg
CUCL logo CNUL logo
© All rights reserved — Cairo University Libraries
CUCL logo
Implemented & Customized by: Eng. M. Mohamady Contact: new-lib@cl.cu.edu.eg © All rights reserved — New Central Library
CNUL logo
Implemented & Customized by: Eng. M. Mohamady Contact: cnul@cl.cu.edu.eg © All rights reserved — Cairo National University Library